Memory, identity, power : (Record no. 76390)

MARC details
000 -LEADER
fixed length control field 00659nam a22002057a 4500
005 - DATE AND TIME OF LATEST TRANSACTION
control field 20130614114344.0
010 ## - LCCN (DPL NO)
LC control number ENG-107459
020 ## - INTERNATIONAL STANDARD BOOK NUMBER
International Standard Book Number 9788125050544
Terms of availability 450.00
035 ## - SYSTEM CONTROL NUMBER
System control number EN-90992
037 ## - SOURCE OF ACQUISITION
Source of stock number/acquisition DBAD/PUB
082 ## - DEWEY DECIMAL CLASSIFICATION NUMBER
Classification number 954.14035
100 ## - MAIN ENTRY--PERSONAL NAME
Personal name Samaddar, Ranabir
245 ## - TITLE STATEMENT
Title Memory, identity, power :
Statement of responsibility, etc by Ranabir Samaddar
Remainder of title politics in the junglemahals 1890-1950 /
250 ## - EDITION STATEMENT
Edition statement 2nd ed
260 ## - PUBLICATION, DISTRIBUTION, ETC. (IMPRINT)
Place of publication, distribution, etc New Delhi
Name of publisher, distributor, etc Orient BlackSwan
Date of publication, distribution, etc 2013
270 ## - ADDRESS
Address 1/24 Asaf Ali Road
City New Delhi
Postal code 110002
300 ## - PHYSICAL DESCRIPTION
Extent xxiv,304p.:
Dimensions 22cm(pbk)
Other physical details ill.
500 ## - GENERAL NOTE
General note Includes bibliographical references and index
942 ## - ADDED ENTRY ELEMENTS (KOHA)
Source of classification or shelving scheme Dewey Decimal Classification
Item type English Books
Call number suffix SAM
Classification part 954.14035
Holdings
Withdrawn status Lost status Not for loan Collection code Home library Current library Date acquired Source of acquisition Cost, normal purchase price Full call number Barcode Copy number Cost, replacement price Koha item type
    Not For Loan Non-fiction D.B.Act.Division D.B.Act.Division 31/05/2013 DBAD / PUB 450.00 954.14035 SAM EN-90992 1 450.00 English Books

© Delhi Public Library
Hit Counter
free hit counter